Fr. Conceicao Rodrigues College of Engineering

Electronic devices and circuit theory (Record no. 27754)

MARC details
000 -LEADER
fixed length control field 00344nam a2200169Ia 4500
082 ## - DEWEY DECIMAL CLASSIFICATION NUMBER
Item number BOY
100 ## - MAIN ENTRY--PERSONAL NAME
Personal name Boylestad/Robert L
250 ## - EDITION STATEMENT
Edition statement 11
245 ## - TITLE STATEMENT
Title Electronic devices and circuit theory
260 ## - PUBLICATION, DISTRIBUTION, ETC.
Name of publisher, distributor, etc. Pearson Education
Date of publication, distribution, etc. 2015
366 ## - TRADE AVAILABILITY INFORMATION
Publishers's discount category 20
300 ## - PHYSICAL DESCRIPTION
Extent 932
546 ## - LANGUAGE NOTE
Language note ENGLISH
650 ## - SUBJECT ADDED ENTRY--TOPICAL TERM
Topical term or geographic name entry element EDC
942 ## - ADDED ENTRY ELEMENTS (KOHA)
Koha item type BOOK
Holdings
Withdrawn status Lost status Damaged status Not for loan Collection Home library Current library Date acquired Source of acquisition Cost, normal purchase price Inventory number Total Checkouts Full call number Barcode Date due Date last seen Date last checked out Cost, replacement price Price effective from Koha item type
        CRC Fr. Agnel's C.Rodrigues College of Engineering AGNEL TECHNICAL COLLEGE LIBRARY 17/03/2023 Allied Publisher 679.20 599 dt 21.09.2107 2 BOY 24898 16/11/2025 06/11/2025 06/11/2025 849.00   BOOK
        CRC Fr. Agnel's C.Rodrigues College of Engineering AGNEL TECHNICAL COLLEGE LIBRARY 17/03/2023 Allied Publisher 679.20 599 dt 21.09.2107 2 BOY 24899   19/11/2025 18/11/2025 849.00   BOOK
        CRC Fr. Agnel's C.Rodrigues College of Engineering AGNEL TECHNICAL COLLEGE LIBRARY 17/03/2023 Allied Publisher 679.20 599 dt 21.09.2107 2 BOY 24900   24/11/2025 17/11/2025 849.00   BOOK
        CRC Fr. Agnel's C.Rodrigues College of Engineering AGNEL TECHNICAL COLLEGE LIBRARY 17/03/2023 Allied Publisher 679.20 599 dt 21.09.2107 2 BOY 24901 28/11/2025 18/11/2025 18/11/2025 849.00   BOOK
        CRC Fr. Agnel's C.Rodrigues College of Engineering Fr. Agnel's C.Rodrigues College of Engineering 17/03/2023 Allied Publisher 679.20 647 dt 11.10.2017   621.3817 BOY 24930   17/03/2023   849.00   BOOK